[Event "59th ch-USA w 2019"]
[Site "Saint Louis USA"]
[Date "2019.03.24"]
[Round "5.1"]
[White "Wang, Annie"]
[Black "Yu, Jennifer"]
[Result "1/2-1/2"]
[WhiteTitle "FM"]
[BlackTitle "FM"]
[WhiteElo "2304"]
[BlackElo "2273"]
[WhiteFideId "2053900"]
[BlackFideId "2078341"]
[EventDate "2019.03.20"]

1. d4 d5 2. c4 c6 3. Nc3 Nf6 4. Nf3 dxc4 5. a4 Bf5 6. Ne5 Nbd7 7. Nxc4 Qc7 8. g3
e5 9. dxe5 Nxe5 10. Bf4 Nfd7 11. Bg2 f6 12. O-O Rd8 13. Qc1 Be6 14. Nxe5 Nxe5
15. Qe3 Qa5 16. Bxe5 fxe5 17. Qg5 Qc7 18. Ne4 Bb4 19. Qh5+ Bf7 20. Qg4 Bb3 21.
Qf5 Bf7 22. Rad1 O-O 23. Ng5 Bg6 24. Qg4 Qe7 25. h4 a5 26. Qc4+ Bf7 27. Qc2 g6
28. Bh3 Kg7 29. Nxf7 Qxf7 30. Rd3 Qf6 31. Rxd8 Rxd8 32. Rd1 Rxd1+ 33. Qxd1 Qd6
34. Qxd6 Bxd6 35. Bc8 b5 36. axb5 cxb5 37. Bd7 b4 38. Kg2 Kf6 39. Kf3 Ke7 40.
Ba4 Bc5 41. e3 Ke6 42. Ke4 Be7 43. b3 Bd8 44. Bb5 h6 45. Bc4+ Kf6 46. Kd5 g5 47.
h5 Bc7 48. Kc6 Bd8 49. g4 1/2-1/2

[Event "59th ch-USA w 2019"]
[Site "Saint Louis USA"]
[Date "2019.03.24"]
[Round "5.2"]
[White "Sharevich, Anna"]
[Black "Zatonskih, Anna"]
[Result "1/2-1/2"]
[WhiteTitle "WGM"]
[BlackTitle "IM"]
[WhiteElo "2282"]
[BlackElo "2430"]
[WhiteFideId "13503189"]
[BlackFideId "14101572"]
[EventDate "2019.03.20"]

1. d4 d5 2. Nf3 Nf6 3. c4 e6 4. g3 dxc4 5. Bg2 a6 6. O-O b5 7. Ne5 Nd5 8. a4 Bb7
9. b3 c3 10. axb5 axb5 11. Rxa8 Bxa8 12. e4 Nf6 13. Nxc3 b4 14. Na4 Be7 15. Qd3
O-O 16. Bb2 Nc6 17. Nc4 Na7 18. Rd1 Qb8 19. e5 Nd5 20. f4 g6 21. Nd2 Rd8 22. Ne4
Nb5 23. Rf1 Ndc3 24. Naxc3 bxc3 25. Bxc3 Bxe4 26. Bxe4 Qb6 27. Kh1 Nxc3 28. Qxc3
Rxd4 29. Bg2 h6 30. h4 Rb4 31. Rf3 Qc5 32. Qxc5 Bxc5 33. Bf1 Rd4 34. Rd3 Re4 35.
Kg2 g5 36. hxg5 hxg5 37. Kf3 Re1 38. Rd8+ Kg7 39. Bc4 Bb6 40. Rd7 Kf8 41. Kg4
gxf4 42. gxf4 Rg1+ 43. Kf3 Re1 44. Kg4 Rg1+ 1/2-1/2

[Event "59th ch-USA w 2019"]
[Site "Saint Louis USA"]
[Date "2019.03.24"]
[Round "5.3"]
[White "Eswaran, Ashritha"]
[Black "Abrahamyan, Tatev"]
[Result "0-1"]
[WhiteTitle "WIM"]
[BlackTitle "WGM"]
[WhiteElo "2234"]
[BlackElo "2377"]
[WhiteFideId "2080788"]
[BlackFideId "13301918"]
[EventDate "2019.03.20"]

1. e4 e6 2. d4 d5 3. Nc3 Bb4 4. e5 b6 5. a3 Bxc3+ 6. bxc3 Qd7 7. Qg4 f5 8. Qg3
Ba6 9. Bxa6 Nxa6 10. Nh3 h6 11. Nf4 g5 12. Ne2 Ne7 13. h4 O-O-O 14. Qd3 Nb8 15.
a4 Nec6 16. Ng3 f4 17. Nh5 Na5 18. Nf6 Qf7 19. Qh3 Nc4 20. hxg5 hxg5 21. Qxh8
Rxh8 22. Rxh8+ Kb7 23. Rh6 Nd7 24. Kf1 Nxf6 25. exf6 Nd6 26. a5 Nf5 27. Rh3 Qxf6
28. Rd3 Nd6 29. Bd2 Nc4 30. axb6 cxb6 31. f3 Nb2 32. Be1 Nxd3 33. cxd3 Qf5 34.
Rd1 a5 35. Rd2 a4 36. Ke2 e5 37. Ra2 b5 38. Bf2 e4 39. dxe4 dxe4 40. Rb2 e3 41.
Be1 a3 0-1

[Event "59th ch-USA w 2019"]
[Site "Saint Louis USA"]
[Date "2019.03.24"]
[Round "5.5"]
[White "Yip, Carissa"]
[Black "Feng, Maggie"]
[Result "1-0"]
[WhiteTitle "FM"]
[BlackTitle "FM"]
[WhiteElo "2279"]
[BlackElo "2199"]
[WhiteFideId "2090732"]
[BlackFideId "2078090"]
[EventDate "2019.03.20"]

1. e4 e6 2. d4 d5 3. Nd2 Be7 4. e5 c5 5. Qg4 Kf8 6. Ndf3 Nc6 7. Bd3 h5 8. Qf4
Nh6 9. dxc5 Bxc5 10. Be3 Be7 11. c3 Qc7 12. Ne2 Kg8 13. h3 h4 14. Rg1 Kf8 15. g3
g5 16. Nxg5 Qxe5 17. Nh7+ Rxh7 18. Bxh7 Qxf4 19. Bxf4 Kg7 20. Bc2 f5 21. O-O-O
Nf7 22. gxh4+ Kh7 23. Bg5 Nd6 24. Bxe7 Nxe7 25. Rg5 Nf7 26. Rg3 Bd7 27. Nf4 Rg8
28. c4 Rxg3 29. fxg3 Nd6 30. cxd5 e5 31. Re1 e4 32. g4 Kg7 33. Nh5+ Kg6 34. Ng3
Nxd5 35. gxf5+ Bxf5 36. Nxe4 Nb5 37. Ng3 Bxc2 38. Kxc2 Nd4+ 39. Kd3 Nf3 40. h5+
Kg5 41. Rc1 Kf4 42. Ne2+ Ke5 43. h6 Ng5 44. Rg1 Nh7 45. Rg7 Ndf6 46. Rxb7 1-0

[Event "59th ch-USA w 2019"]
[Site "Saint Louis USA"]
[Date "2019.03.24"]
[Round "5.6"]
[White "Nguyen, Emily"]
[Black "Foisor, Sabina-Francesca"]
[Result "1/2-1/2"]
[WhiteTitle "WIM"]
[BlackTitle "WGM"]
[WhiteElo "2143"]
[BlackElo "2276"]
[WhiteFideId "2054000"]
[BlackFideId "1212915"]
[EventDate "2019.03.20"]

1. d4 d5 2. c4 dxc4 3. Nf3 Nf6 4. e3 Bg4 5. Bxc4 e6 6. Nc3 a6 7. h3 Bh5 8. g4
Bg6 9. Ne5 Bd6 10. Nxg6 hxg6 11. Bf1 c6 12. Bg2 Nbd7 13. O-O Nd5 14. f4 Qc7 15.
e4 N5b6 16. Qe2 c5 17. e5 Be7 18. d5 exd5 19. Nxd5 Nxd5 20. Bxd5 Nb6 21. Bg2
O-O-O 22. Bd2 Kb8 23. Ba5 c4 24. Kh2 Qc5 25. Bd2 Rd3 26. Rae1 Nd5 27. Rf3 Qd4
28. Rxd3 cxd3 29. Qe4 Qf2 30. Re3 Qxf4+ 31. Qxf4 Nxf4 32. Rf3 g5 33. Bxf4 gxf4
34. Rxd3 Rd8 35. Rxd8+ Bxd8 36. Bd5 Bc7 37. Bxf7 Bxe5 38. b3 f3+ 39. Kg1 Bd4+
40. Kf1 Kc7 41. Bd5 f2 42. a4 b5 43. axb5 axb5 44. h4 Kd6 1/2-1/2

[Event "59th ch-USA w 2019"]
[Site "Saint Louis USA"]
[Date "2019.03.25"]
[Round "6.1"]
[White "Feng, Maggie"]
[Black "Yu, Jennifer"]
[Result "0-1"]
[WhiteTitle "FM"]
[BlackTitle "FM"]
[WhiteElo "2199"]
[BlackElo "2273"]
[WhiteFideId "2078090"]
[BlackFideId "2078341"]
[EventDate "2019.03.20"]

1. Nf3 Nf6 2. g3 g6 3. Bg2 Bg7 4. d4 d5 5. c4 c6 6. cxd5 cxd5 7. Nc3 O-O 8. Ne5
Nc6 9. O-O Bf5 10. Nxc6 bxc6 11. Na4 Nd7 12. Bf4 Qa5 13. b3 Rac8 14. Rc1 Rfe8
15. Bd2 Qb5 16. Bc3 e5 17. dxe5 Nxe5 18. h3 Rcd8 19. Bb2 h5 20. Re1 a6 21. Rc5
Qb7 22. Qa1 Qe7 23. Rd1 Kh7 24. e3 Bh8 25. Bxe5 Bxe5 26. Qc1 Bd7 27. Nb6 Bb2 28.
Qc2 Bf5 29. e4 dxe4 30. Rxd8 Rxd8 31. Rxf5 gxf5 32. Qxb2 h4 33. Nc4 Rd1+ 34. Kh2
Qg5 35. Qe5 Rd5 36. Qc7 Kg7 37. Qxc6 hxg3+ 38. fxg3 f4 39. Qc7 Qxg3+ 40. Kg1
Rd1# 0-1

[Event "59th ch-USA w 2019"]
[Site "Saint Louis USA"]
[Date "2019.03.25"]
[Round "6.2"]
[White "Zatonskih, Anna"]
[Black "Eswaran, Ashritha"]
[Result "1-0"]
[WhiteTitle "IM"]
[BlackTitle "WIM"]
[WhiteElo "2430"]
[BlackElo "2234"]
[WhiteFideId "14101572"]
[BlackFideId "2080788"]
[EventDate "2019.03.20"]

1. d4 Nf6 2. Nf3 e6 3. Bg5 d5 4. e3 Be7 5. c4 O-O 6. Nc3 Nbd7 7. Qc2 c6 8. Rd1
h6 9. Bh4 Qc7 10. Bd3 a6 11. cxd5 exd5 12. O-O Re8 13. Rb1 Bd6 14. Rfc1 Qd8 15.
b4 Nf8 16. a4 Bg4 17. Nd2 Bd7 18. Nf1 Ne6 19. b5 Ng5 20. bxa6 bxa6 21. Bg3 Ba3
22. Rd1 Nh5 23. Be5 Bg4 24. Ne2 Qd7 25. Nfg3 Nxg3 26. Bxg3 Bxe2 27. Qxe2 a5 28.
Rb6 Ne4 29. Qc2 Nxg3 30. hxg3 Re6 31. Bf5 Qc7 32. Rb3 Bb4 33. Bxe6 fxe6 34. e4
Qd7 35. Rc1 Rc8 36. Re3 Qa7 37. exd5 exd5 38. Qd3 Qd7 39. Re2 Qg4 40. Rcc2 Qd7
41. Qg6 Kh8 42. Re6 c5 43. Rce2 Rg8 44. Re7 Qxa4 45. Re8 cxd4 46. Rxg8+ Kxg8 47.
Re8+ Bf8 48. Qe6+ 1-0

[Event "59th ch-USA w 2019"]
[Site "Saint Louis USA"]
[Date "2019.03.25"]
[Round "6.5"]
[White "Yip, Carissa"]
[Black "Sharevich, Anna"]
[Result "1/2-1/2"]
[WhiteTitle "FM"]
[BlackTitle "WGM"]
[WhiteElo "2279"]
[BlackElo "2282"]
[WhiteFideId "2090732"]
[BlackFideId "13503189"]
[EventDate "2019.03.20"]

1. e4 c5 2. Nf3 e6 3. d4 cxd4 4. Nxd4 a6 5. Nc3 Qc7 6. g3 Bb4 7. Bd2 Nf6 8. Bg2
Nc6 9. Nxc6 dxc6 10. O-O Be7 11. Qe2 e5 12. Nd1 Bg4 13. f3 Be6 14. Ne3 Bc5 15.
b4 Bxe3+ 16. Bxe3 O-O 17. Rfd1 Rfd8 18. a3 Rxd1+ 19. Rxd1 Rd8 20. Rxd8+ Qxd8 21.
Qd3 Qd7 22. Bc5 b5 23. f4 Bc4 24. Qxd7 Nxd7 25. Bd6 exf4 26. gxf4 Nb6 27. Bc5
Nd7 28. e5 Bd5 29. Bxd5 cxd5 30. Kf2 Nb8 31. Ke3 Nc6 32. c4 dxc4 33. Ke4 g6 34.
Kd5 Nd8 35. Be3 Kf8 36. Kc5 Ke7 37. Kb6 Kd7 38. Kxa6 Kc6 39. a4 bxa4 40. b5+ Kd5
41. Bc1 Ne6 42. Ba3 c3 43. b6 Nd8 44. Kb5 c2 45. Kxa4 Kc6 46. Kb3 Ne6 47. Kxc2
Nxf4 48. Bc1 Nd5 49. Kd3 Nxb6 50. Ke4 Kd7 51. Be3 Nc8 52. Bd2 Ke6 53. Be3 Ne7
54. Bf4 Nc6 55. h3 h5 56. h4 Ne7 57. Bd2 Nd5 58. Be1 Nb6 59. Bd2 Nd7 60. Bc3 Nb8
61. Be1 Nc6 62. Bc3 Ne7 63. Bd2 Nd5 64. Be1 f6 65. exf6 Nxf6+ 66. Kf4 Nd5+ 67.
Ke4 Ne7 68. Bf2 Nf5 69. Be1 Nh6 70. Kf4 Nf7 71. Ke4 Kd6 72. Bg3+ Ke6 73. Be1 g5
74. hxg5 Nxg5+ 75. Kf4 Nf7 76. Bc3 Nd6 1/2-1/2

[Event "59th ch-USA w 2019"]
[Site "Saint Louis USA"]
[Date "2019.03.25"]
[Round "6.6"]
[White "Gorti, Akshita"]
[Black "Nguyen, Emily"]
[Result "1-0"]
[WhiteTitle "FM"]
[BlackTitle "WIM"]
[WhiteElo "2272"]
[BlackElo "2143"]
[WhiteFideId "2072505"]
[BlackFideId "2054000"]
[EventDate "2019.03.20"]

1. Nf3 d5 2. e3 Nf6 3. c4 c6 4. Nc3 a6 5. h3 g6 6. d4 Bg7 7. Bd3 O-O 8. O-O dxc4
9. Bxc4 b5 10. Bd3 Bb7 11. Qe2 Nbd7 12. e4 c5 13. e5 Nd5 14. e6 Nxc3 15. bxc3
fxe6 16. Ng5 Qb6 17. Nxe6 Qc6 18. f3 c4 19. Bc2 Rfe8 20. Bf4 Rac8 21. Rae1 Bf6
22. Qf2 Ba8 23. Qg3 Qb6 24. Bxg6 Kh8 25. Bxe8 Rxe8 26. Bg5 Rg8 27. Bxf6+ Nxf6
28. Qc7 Nd5 29. Qxb6 Nxb6 30. Nc7 Na4 31. Re3 Bb7 32. Rc1 Rg7 33. Ne6 Rg8 34.
Nc5 Nxc5 35. dxc5 Rg5 36. Rd1 Rxc5 37. Rd8+ 1-0

[Event "59th ch-USA w 2019"]
[Site "Saint Louis USA"]
[Date "2019.03.27"]
[Round "7.1"]
[White "Yu, Jennifer"]
[Black "Foisor, Sabina-Francesca"]
[Result "1-0"]
[WhiteTitle "FM"]
[BlackTitle "WGM"]
[WhiteElo "2273"]
[BlackElo "2276"]
[WhiteFideId "2078341"]
[BlackFideId "1212915"]
[EventDate "2019.03.20"]

1. c4 e5 2. e3 f5 3. d4 e4 4. Nc3 Nf6 5. Nge2 g6 6. Nf4 Bg7 7. h4 Nc6 8. h5 Ne7
9. c5 g5 10. h6 gxf4 11. hxg7 Rg8 12. Rxh7 f3 13. Rh6 Ng4 14. Rh8 fxg2 15. Bxg2
d5 16. cxd6 Qxd6 17. Qb3 Be6 18. Nb5 Bxb3 19. Nxd6+ cxd6 20. axb3 Kf7 21. Bd2 a6
22. Bb4 Ke6 23. Rxg8 Rxg8 24. Bf1 Rxg7 25. Rc1 Kd7 26. Be2 Nd5 27. Ba5 Nh2 28.
Bc4 Nf6 29. Be2 Nf3+ 30. Bxf3 Rg1+ 31. Kd2 Rxc1 32. Bxe4 Ra1 33. Bxf5+ Ke7 34.
Bc3 a5 35. e4 d5 36. f3 b5 37. b4 a4 38. Kd3 Ne8 39. e5 Ng7 40. Bg4 Ne6 41. Bf5
Rh1 42. Ke3 Rh2 43. Bd3 Nc7 44. f4 Rh3+ 45. Kd2 Rh2+ 46. Ke3 Rh3+ 47. Kd2 Ke6
48. f5+ Kd7 49. Ke2 Kc6 50. Bd2 Rh2+ 51. Kd1 Rh4 52. Be3 Kd7 53. Kc2 Rg4 54. Be2
Rg2 55. Kd1 Ke7 56. Ke1 Kf7 57. Bf4 Rg1+ 58. Kd2 Rg2 59. e6+ Nxe6 60. fxe6+ Kxe6
61. Ke3 Kf5 62. Bd6 Ke6 63. Bc5 Rg3+ 64. Kf4 Rb3 65. Bxb5 Rxb2 66. Bxa4 Rf2+ 67.
Ke3 Rb2 68. Bc6 Rb1 69. b5 Kf5 70. b6 Rb3+ 71. Kd2 Ke4 72. b7 1-0

[Event "59th ch-USA w 2019"]
[Site "Saint Louis USA"]
[Date "2019.03.27"]
[Round "7.3"]
[White "Nguyen, Emily"]
[Black "Abrahamyan, Tatev"]
[Result "1/2-1/2"]
[WhiteTitle "WIM"]
[BlackTitle "WGM"]
[WhiteElo "2143"]
[BlackElo "2377"]
[WhiteFideId "2054000"]
[BlackFideId "13301918"]
[EventDate "2019.03.20"]

1. d4 Nf6 2. Nf3 e6 3. c4 b6 4. g3 Bb7 5. Bg2 Be7 6. O-O O-O 7. Nc3 Ne4 8. Qc2
Nxc3 9. Qxc3 d6 10. Qc2 f5 11. Ne1 Bxg2 12. Nxg2 Qd7 13. Rd1 Bf6 14. e4 fxe4 15.
Qxe4 Nc6 16. d5 exd5 17. cxd5 Ne5 18. Nf4 Qg4 19. Qe2 Qxe2 20. Nxe2 Nc4 21. Rb1
b5 22. b3 Nb6 23. Be3 Rfe8 24. Rbc1 Re7 25. Kf1 Kf7 26. h4 Ke8 27. Rd2 Kd7 28.
Nc3 Bxc3 29. Rxc3 Re5 30. Bxb6 axb6 31. Rf3 Ke7 32. Rf4 Ra5 33. Rb4 Kd7 34. f4
Re7 35. Kf2 Re8 36. Kf3 Rea8 37. Rd3 Rxa2 38. Rxb5 Rb2 39. Rb4 Re8 40. Rc4 Re7
41. Rdc3 1/2-1/2

[Event "59th ch-USA w 2019"]
[Site "Saint Louis USA"]
[Date "2019.03.27"]
[Round "7.4"]
[White "Wang, Annie"]
[Black "Gorti, Akshita"]
[Result "1-0"]
[WhiteTitle "FM"]
[BlackTitle "FM"]
[WhiteElo "2304"]
[BlackElo "2272"]
[WhiteFideId "2053900"]
[BlackFideId "2072505"]
[EventDate "2019.03.20"]

1. d4 e6 2. c4 Nf6 3. Nc3 Bb4 4. Qc2 b6 5. e4 c5 6. d5 Qe7 7. Ne2 exd5 8. exd5
d6 9. Bd2 O-O 10. f3 Re8 11. O-O-O Nbd7 12. Ng3 Qd8 13. Be2 a6 14. a3 Bxc3 15.
Bxc3 Rb8 16. a4 b5 17. cxb5 Nb6 18. Bxf6 Qxf6 19. a5 Nd7 20. Ne4 Qe5 21. b6 Bb7
22. Qd2 c4 23. Qd4 f5 24. Qxe5 Rxe5 25. Nc3 Rc8 26. Rd4 Rc5 27. Rxc4 Rxa5 28.
Rc7 Ra1+ 29. Kd2 Rxh1 30. Rxd7 Bxd5 31. Rxd6 Rxh2 32. Rxd5 Re7 33. Rc5 Rh6 34.
Rc7 Rd6+ 35. Ke1 Re8 36. b7 Rb6 37. Rc8 Kf8 38. Rxe8+ Kxe8 39. Bxa6 Kd7 40. Kf1
g6 41. b4 1-0

[Event "59th ch-USA w 2019"]
[Site "Saint Louis USA"]
[Date "2019.03.27"]
[Round "7.5"]
[White "Eswaran, Ashritha"]
[Black "Yip, Carissa"]
[Result "1-0"]
[WhiteTitle "WIM"]
[BlackTitle "FM"]
[WhiteElo "2234"]
[BlackElo "2279"]
[WhiteFideId "2080788"]
[BlackFideId "2090732"]
[EventDate "2019.03.20"]

1. e4 c5 2. Nf3 d6 3. d4 cxd4 4. Nxd4 Nf6 5. Nc3 Nc6 6. Bg5 e6 7. Qd2 a6 8.
O-O-O Bd7 9. f4 b5 10. Nf3 b4 11. Bxf6 gxf6 12. Ne2 h5 13. Kb1 Qc7 14. Ned4 Rb8
15. g3 Nxd4 16. Nxd4 a5 17. Bg2 a4 18. Rc1 Bg7 19. f5 e5 20. Ne2 Bh6 21. Qd5
Bxc1 22. Rxc1 Qc5 23. Qd2 Ke7 24. c4 Rhc8 25. Bf3 Qf2 26. Qd3 Rc5 27. Rd1 Rc6
28. h4 Rbc8 29. Bxh5 Qb6 30. g4 Rxc4 31. g5 fxg5 32. Qd5 Be8 33. f6+ Kf8 34. Qd2
Qc6 35. Qxg5 Qxe4+ 36. Ka1 Qh7 37. Bg4 Rd8 38. Bf5 Qh8 39. h5 Bc6 40. h6 Be4 41.
Qg7+ Qxg7 42. hxg7+ Kg8 43. Bxe4 1-0

[Event "59th ch-USA w 2019"]
[Site "Saint Louis USA"]
[Date "2019.03.28"]
[Round "8.1"]
[White "Gorti, Akshita"]
[Black "Yu, Jennifer"]
[Result "0-1"]
[WhiteTitle "FM"]
[BlackTitle "FM"]
[WhiteElo "2272"]
[BlackElo "2273"]
[WhiteFideId "2072505"]
[BlackFideId "2078341"]
[EventDate "2019.03.20"]

1. d4 d5 2. Bg5 Nf6 3. e3 g6 4. Nf3 Bg7 5. Nbd2 O-O 6. Bd3 Nbd7 7. O-O b6 8. c4
dxc4 9. Bxc4 Bb7 10. Qe2 c5 11. Rfd1 Rc8 12. Rac1 cxd4 13. Nxd4 Rc5 14. N2f3 Qa8
15. b4 Rcc8 16. Bb5 Rfd8 17. Rxc8 Qxc8 18. Qe1 Nb8 19. h3 Be4 20. Ne5 a6 21. Ba4
b5 22. Bb3 Bd5 23. Rc1 Qb7 24. Bxd5 Qxd5 25. Nec6 Nxc6 26. Nxc6 Rd7 27. Bf4 Qxa2
28. Nb8 Rd8 29. Nc6 Re8 30. Ra1 Qe6 31. Rxa6 Nd5 32. Bg3 Qc8 33. Qd2 Qxa6 34.
Qxd5 Bf6 35. Be5 Bxe5 36. Nxe5 Rf8 37. h4 Qd6 38. Qe4 Rc8 39. g3 Rc1+ 40. Kh2
Kg7 41. h5 f5 42. Qf4 Qd1 0-1

[Event "59th ch-USA w 2019"]
[Site "Saint Louis USA"]
[Date "2019.03.28"]
[Round "8.2"]
[White "Zatonskih, Anna"]
[Black "Nguyen, Emily"]
[Result "1/2-1/2"]
[WhiteTitle "IM"]
[BlackTitle "WIM"]
[WhiteElo "2430"]
[BlackElo "2143"]
[WhiteFideId "14101572"]
[BlackFideId "2054000"]
[EventDate "2019.03.20"]

1. d4 d5 2. c4 c6 3. Nf3 Nf6 4. Nbd2 Bf5 5. Nh4 Be4 6. Qb3 Qb6 7. f3 Qxb3 8.
Nxb3 Bc2 9. Bd2 e6 10. g4 h6 11. e3 Be7 12. Ng2 Nbd7 13. Na5 Rb8 14. Rc1 Bh7 15.
Kf2 e5 16. cxd5 Nxd5 17. e4 N5b6 18. dxe5 Nxe5 19. Be2 O-O 20. Rhd1 f6 21. Nf4
Kf7 22. Be3 Bb4 23. Nc4 Nbxc4 24. Bxc4+ Nxc4 25. Rxc4 Be7 26. Rd7 Rfd8 27. Rc7
Rdc8 28. Rxc8 Rxc8 29. Bxa7 Ra8 30. Bc5 Rxa2 31. Nd3 Bxc5+ 32. Rxc5 Ke7 33. Ke3
Kd6 34. Rc2 Bg8 35. f4 Ra4 36. Rd2 Be6 37. h4 Ra1 38. g5 hxg5 39. hxg5 fxg5 40.
f5 Bc4 41. Nf4+ Kc5 42. Ne6+ Bxe6 43. fxe6 Re1+ 44. Kf3 Rf1+ 45. Ke3 Re1+ 46.
Kf3 Rf1+ 47. Ke3 1/2-1/2

[Event "59th ch-USA w 2019"]
[Site "Saint Louis USA"]
[Date "2019.03.28"]
[Round "8.3"]
[White "Abrahamyan, Tatev"]
[Black "Wang, Annie"]
[Result "1/2-1/2"]
[WhiteTitle "WGM"]
[BlackTitle "FM"]
[WhiteElo "2377"]
[BlackElo "2304"]
[WhiteFideId "13301918"]
[BlackFideId "2053900"]
[EventDate "2019.03.20"]

1. e4 c5 2. Nf3 d6 3. d4 cxd4 4. Nxd4 Nf6 5. Nc3 Nc6 6. f3 e5 7. Nb3 Be7 8. Be3
O-O 9. Qd2 a5 10. Bb5 Na7 11. Bxa7 Rxa7 12. a4 Be6 13. O-O-O Ra8 14. Kb1 Qb6 15.
g4 Rfd8 16. Qe2 Ne8 17. Nd5 Bxd5 18. exd5 Nc7 19. c4 Nxb5 20. cxb5 Bg5 21. h4
Bf4 22. Nd2 Rdc8 23. Ne4 Rc7 24. g5 Rac8 25. h5 Rc4 26. b3 R4c7 27. h6 g6 28.
Rhe1 Kh8 29. Kb2 Kg8 30. Nf6+ Kh8 31. Ne4 Kg8 32. Nf6+ Kh8 1/2-1/2

[Event "59th ch-USA w 2019"]
[Site "Saint Louis USA"]
[Date "2019.03.28"]
[Round "8.5"]
[White "Sharevich, Anna"]
[Black "Eswaran, Ashritha"]
[Result "1/2-1/2"]
[WhiteTitle "WGM"]
[BlackTitle "WIM"]
[WhiteElo "2282"]
[BlackElo "2234"]
[WhiteFideId "13503189"]
[BlackFideId "2080788"]
[EventDate "2019.03.20"]

1. d4 Nf6 2. Nf3 e6 3. Bf4 c5 4. e3 Nc6 5. Nbd2 d5 6. c3 Bd6 7. Bg3 O-O 8. Bd3
b6 9. Qe2 Bb7 10. Rd1 Re8 11. e4 Be7 12. e5 Nh5 13. a3 g6 14. Qe3 f5 15. exf6
Bxf6 16. Ne5 Bg5 17. f4 Nxe5 18. Qxe5 Bf6 19. Qe3 Ng7 20. Nf3 Nf5 21. Qf2 cxd4
22. cxd4 Qc8 23. Bxf5 exf5+ 24. Ne5 Ba6 25. Qd2 Qc4 26. Kf2 Qb5 27. Rhe1 Rac8
28. Kg1 Qb3 29. Rc1 Rxc1 30. Rxc1 Rc8 31. Rxc8+ Bxc8 32. Qe2 Qa4 33. Bf2 Ba6 34.
Qe1 Bxe5 35. fxe5 Qc2 36. b4 Bd3 37. h4 f4 38. Kh2 Be4 39. Qf1 Bd3 40. Qe1 h6
41. Bg1 g5 42. Qf2 Qc4 43. g3 Qc1 44. gxf4 Qxf4+ 1/2-1/2

[Event "59th ch-USA w 2019"]
[Site "Saint Louis USA"]
[Date "2019.03.28"]
[Round "8.6"]
[White "Feng, Maggie"]
[Black "Foisor, Sabina-Francesca"]
[Result "1-0"]
[WhiteTitle "FM"]
[BlackTitle "WGM"]
[WhiteElo "2199"]
[BlackElo "2276"]
[WhiteFideId "2078090"]
[BlackFideId "1212915"]
[EventDate "2019.03.20"]

1. Nf3 d5 2. g3 Bg4 3. Bg2 Nd7 4. c4 e6 5. cxd5 exd5 6. O-O Ngf6 7. d3 Be7 8.
Nc3 O-O 9. Qc2 c5 10. h3 Bxf3 11. Bxf3 Ne5 12. Bg2 d4 13. Ne4 Nxe4 14. Bxe4 Qd7
15. Bg2 Rac8 16. Bf4 Ng6 17. Bd2 Bd6 18. Qb3 b6 19. a4 Rfe8 20. Rfe1 Re7 21. Qb5
Qc7 22. a5 Bxg3 23. fxg3 Qxg3 24. Qc4 Rd8 25. Rf1 b5 26. Qb3 Rxe2 27. Qxf7+ Kh8
28. Rf2 Rxd2 29. Rxd2 Rf8 30. Qe6 Ne5 31. Kh1 h6 32. Qd6 Rf6 33. Qb8+ Kh7 34.
Re2 Rf5 35. Rae1 Rg5 36. Qc7 h5 37. Rf1 c4 38. Rf8 cxd3 39. Be4+ Rg6 40. Bxg6+
Qxg6 41. Qxe5 dxe2 42. Qxe2 d3 43. Qg2 Qe6 44. Rf1 d2 45. Qxd2 Qxh3+ 46. Kg1
Qg3+ 47. Qg2 Qe3+ 48. Qf2 Qg5+ 49. Kh1 Qd5+ 50. Qf3 Qd4 51. Qxh5+ Kg8 52. Re1 1-0

[Event "59th ch-USA w 2019"]
[Site "Saint Louis USA"]
[Date "2019.03.29"]
[Round "9.1"]
[White "Yu, Jennifer"]
[Black "Abrahamyan, Tatev"]
[Result "1/2-1/2"]
[WhiteTitle "FM"]
[BlackTitle "WGM"]
[WhiteElo "2273"]
[BlackElo "2377"]
[WhiteFideId "2078341"]
[BlackFideId "13301918"]
[EventDate "2019.03.20"]

1. d4 Nf6 2. c4 e6 3. Nc3 Bb4 4. e3 O-O 5. Ne2 c6 6. a3 Ba5 7. c5 d5 8. cxd6
Qxd6 9. b4 Bc7 10. g3 e5 11. Bg2 Re8 12. dxe5 Qxd1+ 13. Nxd1 Bxe5 14. Bb2 a5 15.
bxa5 Nbd7 16. O-O Rxa5 17. Bxe5 Nxe5 18. Ndc3 Nd3 19. Nd4 Nc5 20. a4 Be6 21.
Rab1 Rea8 22. Rb4 g6 23. Rd1 R8a7 24. Ra1 Nd5 25. Bxd5 Bxd5 26. Nxd5 cxd5 27.
Nb3 Nxb3 28. Rxb3 b5 29. Rd1 bxa4 30. Ra3 Kf8 31. Rd4 Ke7 32. Kf1 Kd6 33. Ke2
Kc5 34. Kd3 Kb5 35. Kc3 Rc7+ 36. Kb2 Rc5 37. Rad3 Kc6 38. Ka3 Rc2 39. Rf4 f5 40.
Rdd4 Rac5 41. Rxa4 R5c3+ 42. Kb4 Rc4+ 43. Kb3 Kb5 44. Raxc4 Rxc4 45. Rf3 Kc5 46.
Rf4 Rxf4 47. gxf4 d4 48. Kc2 Kc4 49. Kd2 h6 1/2-1/2

[Event "59th ch-USA w 2019"]
[Site "Saint Louis USA"]
[Date "2019.03.29"]
[Round "9.2"]
[White "Wang, Annie"]
[Black "Zatonskih, Anna"]
[Result "0-1"]
[WhiteTitle "FM"]
[BlackTitle "IM"]
[WhiteElo "2304"]
[BlackElo "2430"]
[WhiteFideId "2053900"]
[BlackFideId "14101572"]
[EventDate "2019.03.20"]

1. d4 Nf6 2. c4 e6 3. Nc3 Bb4 4. Qc2 d5 5. a3 Bxc3+ 6. Qxc3 O-O 7. Bg5 h6 8.
Bxf6 Qxf6 9. Nf3 dxc4 10. Qxc4 Nc6 11. e3 e5 12. d5 Ne7 13. Be2 c6 14. dxc6 Nxc6
15. O-O Bf5 16. Rfd1 Rfd8 17. Qb5 e4 18. Nd2 Ne5 19. Nb3 Bg4 20. Bxg4 Nxg4 21.
Qe2 Ne5 22. Nd4 Rac8 23. Rac1 a6 24. Rc2 Nd3 25. Rxc8 Rxc8 26. f3 Re8 27. fxe4
Nc5 28. Rf1 Qg6 29. Nf5 Nxe4 30. Qd3 Qe6 31. Qd4 Qe5 32. Qd7 Nc5 33. Qd2 Ne4 34.
Qe2 Re6 35. Qd3 Rf6 36. Rf4 Nd6 37. Nxd6 Rxd6 38. Rd4 Rxd4 39. Qxd4 Qxd4 40.
exd4 Kf8 41. g4 f5 42. gxf5 Ke7 43. Kf2 Kf6 44. Ke3 Kxf5 45. Kf3 g6 46. b4 b5
47. Ke3 g5 48. Kf3 h5 49. Ke3 g4 50. Kf2 h4 51. Ke3 g3 52. hxg3 hxg3 53. Kf3 g2
54. Kxg2 Ke4 55. Kf2 Kxd4 56. Ke2 Kc3 57. Ke3 Kb3 0-1